| 000 | 01764nam0a2200337 4500 | ||
|---|---|---|---|
| 001 | RU\NLR\bibl\1211828 | ||
| 005 | 20250615104837.0 | ||
| 010 |
_a978-5-699-25097-4 _95000 |
||
| 021 |
_aRU _b2008-11346 _9626 |
||
| 035 | _a(NLR Aleph) 001198246 | ||
| 090 |
_a1760706 _c1760706 |
||
| 100 | _a20080408d2008 |||y0rusy50 ca | ||
| 101 | 1 |
_arus _ceng |
|
| 102 | _aRU | ||
| 105 | _aa ||||||||| | ||
| 200 | 1 |
_aДао цвета _e[идеальные цветовые сочетания. Современный цветовой дизайн интерьера. Цвета, пробуждающие чувства, повышающие энергетику. Дома, дарящие ощущение гармонии и комфорта] _fЛитрис Айсмен _g[пер. с англ. Т. Новиковой] |
|
| 210 |
_aМосква _cЭксмо _d2008 |
||
| 215 |
_a173, [1] с. _cцв. ил. _d26 |
||
| 300 | _aЗагл. и авт. ориг.: Colors for your every mood / Leatrice Eiseman | ||
| 454 | 0 |
_12001#$aColors for your every mood$fLeatrice Eiseman _1700#1$aEiseman$bL.$gLeatrice$4070 _tColors for your every mood _aEiseman, Leatrice |
|
| 606 | 1 |
_aЦвет _jПопулярные издания _xВосприятие _xПсихологические исследования _92213147 _3RU\NLR\auth\661329384 |
|
| 606 | 1 |
_aЖилые дома _jПопулярные издания _xИнтерьер _xЦветовое оформление _92263136 _3RU\NLR\auth\661356807 |
|
| 686 | _aЮ935.113.11я9 | ||
| 686 | _aЩ128.411 | ||
| 700 | 1 |
_4070 _7ca _8rus _aАйсмен _bЛ. _gЛитрис _9218000 _3RU\NLR\AUTH\770218056 |
|
| 801 | 0 |
_aRU _bNLR _c20080408 _gRCR |
|
| 801 | 1 |
_aRU _bNLR _c20080408 |
|
| 942 | _cBOOK | ||
| 980 | _aNB | ||